| 000 | 00333nam a22001337a 4500 | ||
|---|---|---|---|
| 008 | 170601b xxu||||| |||| 00| 0 eng d | ||
| 020 | _a9780075540410 | ||
| 041 | _aeng | ||
| 080 |
_26TH _a94(7/8) |
||
| 100 | _a17 | ||
| 101 | _aSHH | ||
| 245 |
_aFROM SLAVERY TO FREEDOM A HISTORY OF NEGRO AMERICANS _cFRANKLIN,J.H |
||
| 942 |
_2udc _cBK |
||
| 999 |
_c15335 _d15335 |
||